कोसेरा (Record no. 419693)

MARC details
000 -LEADER
fixed length control field 00400nam a2200145Ia 4500
008 - FIXED-LENGTH DATA ELEMENTS--GENERAL INFORMATION
fixed length control field 100122s9999 xx 000 0 und d
082 ## - DEWEY DECIMAL CLASSIFICATION NUMBER
Item number 37228
Classification number 228
100 ## - MAIN ENTRY--PERSONAL NAME
Personal name मराठे प्रभाकर
245 ## - TITLE STATEMENT
Title कोसेरा
260 ## - PUBLICATION, DISTRIBUTION, ETC. (IMPRINT)
Name of publisher, distributor, etc नीहारा प्रकाशन
Date of publication, distribution, etc 1905
300 ## - PHYSICAL DESCRIPTION
Extent 179
630 ## - SUBJECT ADDED ENTRY--UNIFORM TITLE
Uniform title कोसेरा
730 ## - ADDED ENTRY--UNIFORM TITLE
Uniform title कोसेरा
942 ## - ADDED ENTRY ELEMENTS (KOHA)
Koha item type Book
Holdings
Withdrawn status Lost status Damaged status Not for loan Home library Current library Date acquired Cost, normal purchase price Total Checkouts Full call number Barcode Date last seen Cost, replacement price Price effective from Koha item type Public note
        S.V. Pathak Library, Vile Parle S.V. Pathak Library, Vile Parle 01/31/1985 25.00   37228 SVPPARLE-37228 01/25/2010 25.00 01/25/2010 Book NA